000
00302nam a2200121Ia 4500
008
220216s9999 xx 000 0 und d
100
_a
Ouseph T.
245
0
_a
Latex gloves offer tremendous opportunities
260
_b
Rubber Board Bulletin
_c
1988
300
_a
11-Aug
650
_a
Glove
942
_c
BS
999
_c
51164
_d
51164